| 000 | 00336nam a22001097a 4500 | ||
|---|---|---|---|
| 008 | 240723b |||||||| |||| 00| 0 eng d | ||
| 022 | _a0301-4150 | ||
| 040 |
_aNational Science Library _cNational Science Library |
||
| 245 | _aAsian geotechnical engineering abstracts | ||
| 260 |
_aBangkok: _bAsian Institute of Technology |
||
| 942 | _cCR | ||
| 999 |
_c64719 _d64719 |
||